[Event "Open Ch-Skopje"]
[Site "Skopje MKD"]
[Date "2009.12.18"]
[Round "7"]
[White "Ilic,Ljubo"]
[Black "Stosevski,I"]
[Result "1/2-1/2"]
[WhiteElo "2257"]
[BlackElo "2201"]

1.e4 g6 2.d4 Bg7 3.Nc3 d6 4.Be3 c6 5.Qd2 b5 6.f3 Nf6 7.g4 Nbd7 8.Nge2 Nb6
9.b3 h5 10.g5 Nfd7 11.h4 O-O 12.Ng3 e5 13.a4 exd4 14.Bxd4 Ne5 15.Bxe5 Bxe5
16.f4 Bg7 17.axb5 cxb5 18.Rd1 Bg4 19.Be2 Rc8 20.Nxb5 a6 21.Bxg4 hxg4 22.Nd4 Nd7
23.h5 Qb6 24.c4 Nc5 25.hxg6 fxg6 26.Ndf5 Rxf5 27.exf5 Re8+ 28.Kf1 gxf5 29.Re1 Rxe1+
30.Qxe1 Qc6 31.Qd1 Kf8 32.Rh2 Ne6 33.Qd5 Qxd5 34.cxd5 Nxf4 35.Nxf5 Be5 36.Rh4 g3
37.Nxg3 Nxd5 38.Ne2 Kg7 39.Ra4 Nc7 40.Rc4 Ne6 41.b4 Nxg5 42.Rc6 Kf7 43.Rxa6 Ke6
44.b5 Kd5 45.Rc6 Ne4 46.Ke1 Nc5 47.Kd2 Kc4 48.Rb6 Na4 49.Rb7 Kc5 50.Kc2 Nb6
51.Nc3 Bxc3 52.Kxc3 Kxb5  1/2-1/2

[Event "Open Ch-Skopje"]
[Site "Skopje MKD"]
[Date "2009.12.18"]
[Round "7"]
[White "Stojanovski,D"]
[Black "Veleski,R"]
[Result "1/2-1/2"]
[WhiteElo "2436"]
[BlackElo "2280"]

1.e4 g6 2.d4 d6 3.Nc3 Bg7 4.Bg5 c6 5.Qd2 Qa5 6.f4 Na6 7.Nf3 Qb4 8.O-O-O Bd7
9.e5 f6 10.Bh4 d5 11.Bxa6 bxa6 12.a3 Qa5 13.Ne4 Qxd2+ 14.Nexd2 Nh6 15.exf6 exf6
16.Nb3 Nf5 17.Rde1+ Kf7 18.Bf2 Bh6 19.g3 Rae8 20.Nc5  1/2-1/2

[Event "Open Ch-Skopje"]
[Site "Skopje MKD"]
[Date "2009.12.18"]
[Round "7"]
[White "Pancevski,F"]
[Black "Simjanovski,S"]
[Result "1-0"]
[WhiteElo "2439"]
[BlackElo "2249"]

1.e4 g6 2.Nc3 Bg7 3.d4 d6 4.Be3 c6 5.a4 Nf6 6.h3 O-O 7.g4 e5 8.Bg2 exd4 9.Bxd4 Re8
10.Nge2 Na6 11.O-O Nb4 12.Ng3 d5 13.g5 Nxe4 14.Bxg7 Nxg5 15.Bh6 Qf6 16.Bxg5 Qxg5
17.Nce2 f5 18.f4 Qh4 19.Kh2 Be6 20.Nd4 Na6 21.Qd2 Bf7 22.b4 Nc7 23.Rae1 Rad8
24.a5 a6 25.c3 Qf6 26.Nge2 Re7 27.Nc1 Rxe1 28.Rxe1 Ne8 29.Qe3 Nd6 30.Qe5 Kg7
31.Nd3 Re8 32.Qxf6+ Kxf6 33.Re5 Rc8 34.Nc5 Rc7 35.Bf1 h6 36.Bd3 Ne4 37.Bxe4 dxe4
38.Kg3 Bc4 39.h4 h5 40.Kf2 Bf7 41.Ke3 Bc4 42.Re8 Rf7 43.Rb8 g5 44.hxg5+ Kg6
45.Rh8  1-0

[Event "9th Amplico Life Rapid"]
[Site "Warsaw POL"]
[Date "2009.12.19"]
[Round "3"]
[White "Warszawski,B"]
[Black "Zubov,A UKR"]
[Result "0-1"]
[WhiteElo "2286"]
[BlackElo "2581"]

1.e4 d6 2.d4 g6 3.Nc3 Bg7 4.f4 Nf6 5.Nf3 O-O 6.Be3 b6 7.Qd2 Bb7 8.Bd3 c5
9.d5 Na6 10.O-O-O Nc7 11.Rdg1 b5 12.g4 c4 13.g5 Nfxd5 14.Nxd5 Nxd5 15.exd5 cxd3
16.Qxd3 Qa5 17.Kb1 b4 18.Rd1 e6 19.Nd4 Qxd5 20.Rhe1 e5 21.Nb3 Qxd3 22.Rxd3 Rfe8
23.Red1 Bf3 24.Rg1 d5 25.fxe5 Bxe5 26.Nd2 Be2 27.Rxd5 Bxh2 28.Rh1 Rxe3 29.Rxh2 Bc4  0-1

[Event "9th Amplico Life Rapid"]
[Site "Warsaw POL"]
[Date "2009.12.19"]
[Round "4"]
[White "Kulon,K"]
[Black "Mista,A"]
[Result "0-1"]
[WhiteElo "2233"]
[BlackElo "2563"]

1.e4 g6 2.d4 Bg7 3.Nc3 d6 4.Be3 c6 5.Qd2 b5 6.O-O-O Nd7 7.f4 Ngf6 8.Bd3 Qa5
9.Kb1 b4 10.Nce2 Rb8 11.Nf3 Nb6 12.Nc1 Be6 13.Nb3 Qa4 14.Qe2 O-O 15.h3 Rfc8
16.g4 c5 17.Bb5 Bxb3 18.Bxa4 Bxa4 19.dxc5 dxc5 20.Bc1 Bc6 21.Nd2 c4 22.g5 Nh5
23.Nf1 a5 24.Rg1 c3 25.Be3 cxb2 26.Bxb6 Rxb6 27.e5 Ba4 28.Ne3 Nxf4 29.Qg4 Ne6
30.Rd2 Bxe5 31.Nd5 Rb7 32.Qe4 Bg7 33.Nf6+ exf6 34.Qxb7 Re8 35.gxf6 Bxf6 36.Rf1 Nc5
37.Qa7 Ne4 38.Rd3 Nc3+ 39.Rxc3 bxc3 40.Qxa5 Bd7 41.h4 Bf5 42.Qb5 Rd8 43.a4 Rd2
44.Rxf5 Rd1+ 45.Ka2 Ra1+ 46.Kb3 b1=Q+ 47.Kc4 Qxb5+ 48.Rxb5 Rxa4+ 49.Kd3 Rxh4  0-1

[Event "9th Amplico Life Rapid"]
[Site "Warsaw POL"]
[Date "2009.12.20"]
[Round "12"]
[White "Majdan,J"]
[Black "Mista,A"]
[Result "0-1"]
[WhiteElo "2347"]
[BlackElo "2563"]

1.e4 g6 2.d4 Bg7 3.Nc3 d6 4.Be3 c6 5.a4 a5 6.Nf3 Na6 7.h3 Nb4 8.Be2 f5 9.exf5 Bxf5
10.Rc1 Nf6 11.O-O O-O 12.Qd2 Qd7 13.Kh2 Rae8 14.Rfd1 Qc7 15.Kg1 Kh8 16.Nh4 Ng8
17.Nxf5 gxf5 18.Bh5 Rd8 19.Bg5 Nf6 20.Bxf6 Rxf6 21.Ne2 Bh6 22.f4 Rg8 23.Bf3 e5
24.dxe5 dxe5 25.Qd7 Qb6+ 26.Kh1 e4 27.Bh5 Qf2 28.Rg1 Nd5 29.Rcf1 Qb6 30.c4 Rd8
31.c5 Rxd7 32.cxb6 Nxb6 33.g4 fxg4 34.hxg4 Bf8 35.g5 Rfd6 36.f5 Rd2 37.Rf4 R7d3
38.Rh4 Nd5 39.g6 h6 40.Nc3 Nf6 41.Re1 e3 42.Ne4 Be7 43.Nxd2 exd2 44.Rd1 Nxh5
45.Rxh5 Kg7 46.Rh2 Bg5 47.Re2 Rd5 48.Rf2 Kf6 49.Kg2 Rc5 50.Kg3 Rc2 51.Re2 Rxb2
52.Re6+ Kg7 53.Rd6 Rb3+ 54.Kg2 Rb4 55.Rd7+ Kg8 56.R1xd2 Bxd2 57.Rd8+ Kg7
58.Rxd2 Kf6 59.Kh3 Rb1 60.Kg4 Rg1+ 61.Kh5 Rh1+ 62.Kg4 h5+ 63.Kf4 Rh4+ 64.Kf3 Kxf5
65.g7 Rf4+ 66.Ke3 Rg4 67.Rd7 h4 68.Rxb7 h3 69.Ra7 Kf6 70.Rxa5 Kxg7 71.Rh5 Rxa4
72.Kf3 Rc4 73.Kg3 Rc3+ 74.Kh2 Kf6  0-1

[Event "Tata Steel TCh-Asia"]
[Site "Kolkata IND"]
[Date "2009.12.25"]
[Round "4"]
[White "Hapuarachchi,H"]
[Black "Rahman,Zia"]
[Result "0-1"]
[WhiteElo "2019"]
[BlackElo "2545"]

1.e4 g6 2.d4 Bg7 3.Nc3 d6 4.Be3 c6 5.Qd2 Nd7 6.f3 b5 7.a3 Bb7 8.Nge2 Ngf6
9.Ng3 a6 10.Be2 c5 11.d5 h5 12.O-O Qc7 13.Rfc1 Ne5 14.Nd1 h4 15.Nh1 h3 16.g3 e6
17.dxe6 fxe6 18.Nhf2 d5 19.exd5 Nxd5 20.Bg5 c4 21.Ne4 O-O 22.f4 Qb6+ 23.Ndf2 Nf7
24.c3 e5 25.Bf3 exf4 26.Bxf4 Nxf4 27.gxf4 Rad8 28.Qe2 Rd3 29.Bh1 Re3 30.Qc2 Nh6
31.Re1 Bxe4 32.Bxe4 Rxf4 33.Rxe3 Qxe3 34.Rd1 Ng4 35.Rd8+ Bf8 36.Bd5+ Kh8  0-1

[Event "18th Donau Open"]
[Site "Aschach AUT"]
[Date "2009.12.27"]
[Round "2"]
[White "Sadilek,M"]
[Black "Shengelia,D"]
[Result "0-1"]
[WhiteElo "2207"]
[BlackElo "2560"]

1.e4 g6 2.d4 Bg7 3.Nc3 d6 4.f4 c6 5.Nf3 Nd7 6.Bd3 e5 7.dxe5 dxe5 8.O-O exf4
9.Bxf4 Qb6+ 10.Kh1 Qxb2 11.Bd2 Qa3 12.Rb1 Ne5 13.Nb5 Qe7 14.Bb4 c5 15.Ba5 b6
16.Nxe5 Bxe5 17.Bc3 Nh6 18.Qd2 Ng4 19.h3 h5 20.Bxe5 Nxe5 21.Nc3 Bb7 22.Bb5+ Kf8
23.Nd5 Bxd5 24.exd5 Kg7 25.Rbe1 Qd6 26.Qf4 f6 27.Bd7 Rhf8 28.Be6 b5 29.g4 hxg4
30.hxg4 g5 31.Qf5 Rh8+ 32.Kg2 Rh2+ 33.Kxh2 Nf3+ 34.Kg2 Nh4+ 35.Kf2 Nxf5 36.gxf5 Rh8
37.Rh1 Qf4+ 38.Kg2 Qd2+ 39.Kf3 Qc3+ 40.Kg4 Qxc2  0-1

[Event "18th Donau Open"]
[Site "Aschach AUT"]
[Date "2009.12.28"]
[Round "4"]
[White "Liepold,S"]
[Black "Tratar,M"]
[Result "0-1"]
[WhiteElo "2226"]
[BlackElo "2480"]

1.e4 d6 2.d4 g6 3.Nc3 Bg7 4.Be3 a6 5.Qd2 Nd7 6.h4 h5 7.Nf3 Ndf6 8.Be2 b5
9.Ng5 Ng4 10.a4 Nxe3 11.Qxe3 b4 12.Nd5 Rb8 13.a5 e6 14.Nf4 Qf6 15.Nf3 Nh6
16.e5 Qe7 17.Bc4 Ng4 18.Qe2 dxe5 19.Nxe5 Bxe5 20.dxe5 Qc5 21.O-O Qxe5 22.Qxe5 Nxe5
23.Bb3 Ke7 24.Rfe1 Kf6 25.Re4 Rd8 26.Rae1 Nc6 27.Nxe6 fxe6 28.Rxe6+ Bxe6
29.Rxe6+ Kf5 30.Rxc6 Rd6 31.Rc5+ Kf6 32.Rxc7 Rb5 33.Rf7+ Ke5 34.Bc4 Rxa5
35.Rb7 Ra1+ 36.Kh2 a5 37.Bd3 Ra2 38.b3 Rxd3 39.cxd3 Rxf2 40.Rb5+ Kd4 41.Rxa5 Rf4
42.Ra6 Rxh4+ 43.Kg1 Rg4 44.Rc6 Kxd3 45.Kf2 h4 46.Rc5 g5 47.Rc6 Kd2  0-1

[Event "Baroque Chess Festival"]
[Site "Buchen GER"]
[Date "2009.12.29"]
[Round "5"]
[White "Herbold,M"]
[Black "Schmidt,Ho GER"]
[Result "1/2-1/2"]
[WhiteElo "2179"]
[BlackElo "2173"]

1.e4 g6 2.d4 d6 3.Nc3 Bg7 4.Be3 c6 5.Qd2 Qa5 6.Nf3 h6 7.Bc4 Nd7 8.O-O Ngf6
9.h3 b5 10.Bd3 Qc7 11.Ne2 Nb6 12.b3 Kf8 13.a4 bxa4 14.bxa4 a5 15.c4 Nbd7
16.Rab1 Kg8 17.Qc2 e5 18.c5 d5 19.dxe5 dxe4 20.Bxe4 Nxe4 21.Qxe4 Nxe5 22.Nxe5 Bxe5
23.Rb6 Bf5 24.Qxc6 Qxc6 25.Rxc6 Bc2 26.Bd4 Bxa4 27.Bxe5 Bxc6 28.Nd4 Bd5 29.c6 f6
30.Bxf6 Rh7 31.Rc1 a4 32.Rc5 Be4 33.f3 Bd3 34.Be5 a3 35.c7 Rc8 36.Ra5 Rhxc7
37.Bxc7 Rxc7 38.Rxa3 Rc1+ 39.Kf2 Bc4 40.Ra4 Bf7 41.h4 Kg7 42.Ra6 Rc4 43.Ke3 h5
44.g3 Rc5 45.Ne6+ Bxe6 46.Rxe6 Rc4 47.Re4 Rc5 48.g4 hxg4 49.fxg4 Ra5 50.Kf4 Kf6
51.Rb4 g5+ 52.hxg5+ Kg6 53.Rb6+ Kg7 54.Re6 Ra1 55.g6 Kh6 56.g5+ Kg7  1/2-1/2

[Event "85th Masters"]
[Site "Hastings ENG"]
[Date "2009.12.29"]
[Round "2"]
[White "Wilson,A"]
[Black "Lorscheid,G"]
[Result "0-1"]
[WhiteElo "2089"]
[BlackElo "2348"]

1.e4 d6 2.d4 g6 3.Nc3 Bg7 4.f4 Nf6 5.Nf3 O-O 6.Bd3 Na6 7.O-O c5 8.e5 Nd7
9.exd6 exd6 10.Bxa6 cxd4 11.Nd5 bxa6 12.Nxd4 Bb7 13.c4 Nb6 14.Ne3 Rc8 15.b3 Re8
16.f5 Re4 17.Nec2 Qe7 18.Rb1 d5 19.c5 Qxc5 20.f6 Bf8 21.Ba3 Rxd4 22.Nxd4 Qxa3
23.Qg4 Re8 24.Rbe1 Rxe1 25.Rxe1 Qd6 26.Qg5 Nd7 27.Rf1 Qb6 28.Qh4 Bc5  0-1

[Event "85th Masters"]
[Site "Hastings ENG"]
[Date "2009.12.29"]
[Round "2"]
[White "Salimbeni,G"]
[Black "McKenna,Jas"]
[Result "1/2-1/2"]
[WhiteElo "2162"]
[BlackElo "2147"]

1.e4 g6 2.d4 Bg7 3.Nc3 d6 4.Be3 c6 5.Qd2 Nf6 6.f3 Nbd7 7.O-O-O b5 8.Kb1 Qa5
9.Bh6 Bxh6 10.Qxh6 Rb8 11.Bd3 Nb6 12.Qg5 Be6 13.d5 b4 14.Nb5 cxb5 15.dxe6 fxe6
16.Bxb5+ Kf8 17.Qh6+ Kf7 18.Bd3 Rhc8 19.Nh3 Rc5 20.b3 Rg8 21.Qe3 g5 22.Rhf1 Qa3
23.Qd4 e5 24.Qa1 a5 25.g3 a4 26.Qb2 Qxb2+ 27.Kxb2 a3+ 28.Kb1 Ke6 29.Rd2 g4
30.Ng1 gxf3 31.Nxf3 Rg4 32.Rg1 Rc8 33.Re1 h6 34.Nh4 Rf8 35.Nf5 h5 36.Nh6 Rg6
37.Nf5 Rg4 38.Kc1 Nfd7 39.Rf2 Rf6 40.Bf1 Nc5 41.Bg2 Kd7 42.Rd2 Rg8 43.Bf3 Rh8
44.Re3 Rff8 45.c3 Rc8 46.Kd1 Na6 47.c4 Rh7 48.Re1 Nc5 49.Kc2 Ne6 50.Red1 Kc7
51.h4 Rf8 52.Bg2 Nd7 53.Kd3 Nf6 54.Ke3 Ng4+ 55.Ke2 Nd4+ 56.Kd3 Ne6 57.Bf3 Nc5+
58.Ke2 Nf6 59.Ke3 Rhf7 60.Nh6 Rh7 61.Nf5  1/2-1/2

[Event "11th Christmas Open"]
[Site "Litomysl CZE"]
[Date "2009.12.30"]
[Round "6"]
[White "Schuetze,N"]
[Black "Konstacky,M"]
[Result "1-0"]
[WhiteElo "2269"]
[BlackElo "2117"]

1.e4 d6 2.d4 g6 3.Nc3 Bg7 4.h3 c6 5.a4 Nf6 6.Nf3 O-O 7.Be2 Qc7 8.O-O Nbd7
9.Re1 e5 10.a5 h6 11.Bf1 Kh7 12.Be3 Ne8 13.a6 bxa6 14.d5 c5 15.Bxa6 Bxa6
16.Rxa6 Qb7 17.Qa1 f5 18.Qa2 Rf7 19.Bc1 Bf8 20.Nd2 Nc7 21.Ra3 Nb6 22.f3 fxe4
23.fxe4 Be7 24.Rf1 Rxf1+ 25.Nxf1 a6 26.Bd2 Rf8 27.Rb3 Qa7 28.Ra3 Rf7 29.Be3 Bg5
30.Bf2 Qa8 31.Nd1 Qf8 32.Nh2 h5 33.Qb3 Nd7 34.Nf3 Bh6 35.Qd3 g5 36.Ne3 Nb5
37.Rxa6 Nd4 38.Nf5 Nxf5 39.exf5 Nf6 40.Nd2 Kg8 41.Nc4 e4 42.Qa3 Ne8 43.g4 Bg7
44.Bg3 Rd7 45.c3 Qe7 46.Kf2 h4 47.Bh2 e3+ 48.Nxe3 Be5 49.Bg1 Nf6 50.Kf3 Bf4
51.Qa4 Qf7 52.Qc4 Re7 53.Ra4 Nd7 54.Qa2 Qf6 55.Qb1 Qe5 56.Re4 Qf6 57.Rxe7 Qxe7
58.Qe4 Ne5+ 59.Ke2 Qb7 60.Nd1 Qb5+ 61.c4 Nxc4 62.Qd3 Qb4 63.Be3 Nxb2 64.Qa6 Nxd1
65.Qc8+ Kf7 66.Qd7+ Kf8 67.Qc8+ Kf7 68.Qe6+ Kf8 69.Kxd1 Qb3+ 70.Ke2 Bxe3
71.Qxd6+ Kf7 72.Qe6+ Kf8 73.f6 Qc4+ 74.Kxe3 Qd4+ 75.Ke2 Qb2+ 76.Kf3 Qc3+
77.Ke4 Qd4+ 78.Kf5 Qf4+ 79.Kg6 Qc7 80.d6 Qb7 81.Qe7+ Qxe7 82.dxe7+ Ke8 83.f7+ Kxe7  1-0

[Event "85th Masters"]
[Site "Hastings ENG"]
[Date "2009.12.31"]
[Round "4"]
[White "Foord,D"]
[Black "Lorscheid,G"]
[Result "0-1"]
[WhiteElo "2051"]
[BlackElo "2348"]

1.e4 d6 2.d4 g6 3.Nc3 Bg7 4.Be3 a6 5.Qd2 b5 6.a4 b4 7.Nce2 Nf6 8.f3 a5 9.Nc1 O-O
10.Bc4 d5 11.exd5 Nxd5 12.Bf2 Nc6 13.Nge2 Nb6 14.Bb5 Na7 15.Bd3 Be6 16.Qg5 Nc6
17.Qc5 Qd6 18.Qxd6 cxd6 19.O-O Rfc8 20.Rd1 Rab8 21.Nb3 Bxb3 22.cxb3 Bh6 23.Ba6 Rc7
24.d5 Ne5 25.Nd4 Nxd5 26.Nb5 Rc6 27.Ba7 Be3+  0-1

[Event "85th Masters"]
[Site "Hastings ENG"]
[Date "2009.12.31"]
[Round "4"]
[White "Horn,St"]
[Black "Williams,Si1"]
[Result "0-1"]
[WhiteElo "2074"]
[BlackElo "2550"]

1.e4 g6 2.d4 Bg7 3.Nc3 d6 4.Be3 a6 5.Nf3 Nd7 6.a4 b6 7.Bc4 e6 8.O-O Ne7 9.Qd2 h6
10.Bb3 Bb7 11.Rfe1 Nf6 12.Bf4 g5 13.Bg3 Nh5 14.Rad1 Ng6 15.Qe3 O-O 16.Ne2 Kh8
17.h3 f5 18.exf5 exf5 19.Bh2 Re8 20.Qd3 Be4 21.Qc3 Qd7 22.Nd2 Bb7 23.Qd3 Re7
24.Ng3 Nhf4 25.Qxf5 Bxg2 26.Qxd7 Rxd7 27.Be6 Nxe6 28.Kxg2 Ngf4+ 29.Kf1 Nxd4
30.c3 Nc6 31.h4 Nd3 32.Re3 Nxb2 33.Rb1 Nxa4 34.hxg5 hxg5 35.Nge4 Re7 36.Rh3+ Kg8
37.Ra1 b5 38.Nxg5 Nxc3 39.Rc1 b4 40.Bf4 Nd4  0-1

[Event "85th Masters"]
[Site "Hastings ENG"]
[Date "2009.12.31"]
[Round "4"]
[White "Kjartansson,G"]
[Black "McKenna,Jas"]
[Result "1-0"]
[WhiteElo "2391"]
[BlackElo "2147"]

1.e4 g6 2.d4 Bg7 3.Nc3 d6 4.Be3 c6 5.Qd2 Nf6 6.f3 b5 7.a4 b4 8.Nd1 a5 9.Nf2 Ba6
10.Bxa6 Nxa6 11.Ne2 Nd7 12.Bh6 Bxh6 13.Qxh6 e5 14.O-O Qe7 15.c3 Rb8 16.c4 c5
17.dxe5 dxe5 18.Rad1 Nc7 19.Ng4 Ne6 20.f4 exf4 21.Nxf4 Nxf4 22.Rxf4 Rb6 23.e5 Re6
24.Re4 f5 25.exf6 Nxf6 26.Nxf6+ Qxf6 27.Rd6  1-0

[Event "22nd Open"]
[Site "Staufer GER"]
[Date "2010.01.02"]
[Round "1"]
[White "Van den Bersselaar,J"]
[Black "Janson,D"]
[Result "1-0"]
[WhiteElo "2183"]
[BlackElo "1795"]

1.d4 g6 2.e4 Bg7 3.Nc3 d6 4.Be3 Nf6 5.Qd2 Nbd7 6.Nf3 e5 7.dxe5 dxe5 8.O-O-O Qe7
9.Bh6 Bxh6 10.Qxh6 Ng4 11.Qd2 Qc5 12.Nd5 O-O 13.Qg5 Nxf2 14.b4 Nxe4  1-0

[Event "22nd Open"]
[Site "Staufer GER"]
[Date "2010.01.02"]
[Round "1"]
[White "Nyzhnyk,I"]
[Black "Schaefer,Mi2"]
[Result "1-0"]
[WhiteElo "2494"]
[BlackElo "1909"]

1.e4 d6 2.d4 g6 3.Nc3 Bg7 4.Nf3 Nf6 5.Bc4 c6 6.Bb3 O-O 7.a4 Bg4 8.O-O Qc7
9.h3 Bxf3 10.Qxf3 e6 11.d5 exd5 12.exd5 Nbd7 13.Re1 Ne5 14.Qd1 c5 15.Nb5 Qb6
16.Bf4 Nfd7 17.c4 a6 18.a5 Qd8 19.Nxd6 Qf6 20.Bxe5 Nxe5 21.Ne4 Qh4 22.Nxc5 Rac8
23.Re4 Qg5 24.f4 Qg3 25.fxe5 Rxc5 26.Qd4 Rfc8 27.Re3 Qg5 28.Rae1 Rxa5 29.d6 Rcc5
30.Bc2 Rc8 31.h4 Qd8 32.b4 Ra2 33.Bb3 Ra3 34.c5 Kf8 35.Bxf7 Rxe3 36.Rxe3 Kxf7
37.Qd5+  1-0

[Event "22nd Open"]
[Site "Staufer GER"]
[Date "2010.01.02"]
[Round "2"]
[White "Postojev,A"]
[Black "Gebhardt,Uw"]
[Result "1-0"]
[WhiteElo "2343"]
[BlackElo "2041"]

1.d4 g6 2.e4 Bg7 3.Nc3 d6 4.g3 Nc6 5.d5 Nb8 6.Bg2 e5 7.h3 Ne7 8.Nge2 O-O
9.Be3 Bd7 10.Qd2 b5 11.a3 Nc8 12.O-O Nb6 13.b3 Na6 14.Qd3 Qe8 15.a4 Nb4 16.Qd2 bxa4
17.Nxa4 Bxa4 18.Qxb4 Bd7 19.c4 Qc8 20.Kh2 f5 21.c5 dxc5 22.Bxc5 Re8 23.Rfc1 Qd8
24.Nc3 Qg5 25.exf5 gxf5 26.Be3 Qh5 27.d6 c6 28.Bxb6 axb6 29.Rxa8 Rxa8 30.Bxc6 Qh6
31.Bxa8 Qxc1 32.Bd5+ Kf8 33.Qxb6 Bf6 34.Qc7 Qf1 35.Qxd7 Qxf2+ 36.Bg2 f4 37.Qc8+ Kf7
38.Qb7+ Kf8 39.Qf3 fxg3+ 40.Qxg3 Qd4 41.Ne4  1-0

[Event "22nd Open"]
[Site "Staufer GER"]
[Date "2010.01.02"]
[Round "3"]
[White "Pribyl,Jo"]
[Black "Koenig,Dir1"]
[Result "1-0"]
[WhiteElo "2344"]
[BlackElo "2106"]

1.d4 d6 2.e4 g6 3.Nc3 Bg7 4.Nf3 Nf6 5.Be2 O-O 6.O-O e5 7.dxe5 dxe5 8.Qxd8 Rxd8
9.Bg5 Re8 10.Rad1 c6 11.Nxe5 Nd5 12.exd5 Bxe5 13.Bf3 Bf5 14.Rd2 Kg7 15.Re2 cxd5
16.Nxd5 Nc6 17.Rfe1  1-0

[Event "15th Open"]
[Site "Bosnjaci CRO"]
[Date "2010.01.03"]
[Round "1"]
[White "Ljikar,Z"]
[Black "Kljako,D"]
[Result "1/2-1/2"]
[WhiteElo "2209"]
[BlackElo "2171"]

1.e4 g6 2.d4 Bg7 3.Nc3 d6 4.f3 Nc6 5.Be3 e5 6.Nge2 f5 7.Qd2 Nf6 8.O-O-O fxe4
9.fxe4 Ng4 10.Bg5 Bf6 11.Bxf6 Qxf6 12.dxe5 Ncxe5 13.Nd5 Qf7 14.Nef4 g5 15.Nd3  1/2-1/2

[Event "85th Masters"]
[Site "Hastings ENG"]
[Date "2010.01.03"]
[Round "7"]
[White "Williams,Si1"]
[Black "Jaunooby,A"]
[Result "1-0"]
[WhiteElo "2550"]
[BlackElo "2171"]

1.e4 g6 2.d4 Bg7 3.Nc3 d6 4.Be3 a6 5.h4 h6 6.f4 Nf6 7.Bc4 b5 8.Bb3 b4 9.Nd5 Ng4
10.f5 gxf5 11.exf5 Bxf5 12.Qf3 e6 13.O-O-O O-O 14.Nf4 Nc6 15.Nge2 Na5 16.Nh5 Nxb3+
17.axb3 Bh8 18.Neg3 Nxe3 19.Qxe3 Bg6 20.Qxh6 c5 21.Rh3 Qa5 22.Ne4 Bxh5 23.Qxh5 Qa1+
24.Kd2 Qxb2 25.Rg3+  1-0

[Event "15th Open"]
[Site "Bosnjaci CRO"]
[Date "2010.01.04"]
[Round "2"]
[White "Sirkova,D"]
[Black "Videnova,I"]
[Result "0-1"]
[WhiteElo "2079"]
[BlackElo "2301"]

1.e4 g6 2.d4 Bg7 3.Nc3 d6 4.h3 a6 5.Be3 Nd7 6.a4 e6 7.Qd2 h6 8.g4 b6 9.Bg2 Bb7
10.Nge2 Ne7 11.Ng3 c5 12.f4 Qc7 13.O-O-O b5 14.e5 cxd4 15.Bxd4 dxe5 16.Bxb7 Qxb7
17.fxe5 O-O 18.Rhe1 Nc6 19.Nge4 Ncxe5 20.Nc5 Nxc5 21.Bxe5 Rac8 22.Bxg7 Kxg7
23.Qd4+ Kh7 24.Qf6 b4 25.Ne2 Nxa4 26.Nf4 b3 27.c3 Nc5 28.g5 Ne4 29.Rxe4 Qxe4
30.gxh6 Qc2+  0-1

[Event "Scheveningen"]
[Site "Turin ITA"]
[Date "2010.01.05"]
[Round "3"]
[White "Castaldo,F"]
[Black "Voiska,M"]
[Result "1-0"]
[WhiteElo "2401"]
[BlackElo "2325"]

1.e4 d6 2.Nc3 g6 3.d4 Bg7 4.Nf3 Nf6 5.h3 O-O 6.Be3 c6 7.a4 d5 8.e5 Ne4 9.Bd3 f5
10.exf6 exf6 11.Nxe4 dxe4 12.Bxe4 f5 13.Bd3 f4 14.Bd2 c5 15.O-O cxd4 16.Bc4+ Kh8
17.Bb4 Rf5 18.Re1 Nc6 19.Ba3 Bd7 20.Qd2 a6 21.Rad1 b5 22.Bd3 Rh5 23.Be4 Qc8
24.Qxf4 b4 25.Bxb4 Nxb4 26.Bxa8 Qxa8 27.Qd6 Qb7 28.Re7 Rd5 29.Rxd7 Qxd7 30.Qb8+ Qd8
31.Qxb4 h6 32.Qc4 a5 33.Rd3 Qd6 34.c3 Rc5 35.Qb3 Qf4 36.Nxd4  1-0

[Event "ch-NZL"]
[Site "Auckland NZL"]
[Date "2010.01.08"]
[Round "7"]
[White "Marner,G"]
[Black "Bennett,H"]
[Result "1-0"]
[WhiteElo "2039"]
[BlackElo "2003"]

1.e4 g6 2.d4 Bg7 3.Nc3 d6 4.Be3 a6 5.Qd2 Nd7 6.Bc4 b5 7.Bd5 Rb8 8.Nf3 e6
9.Bb3 c5 10.dxc5 dxc5 11.a3 c4 12.Ba2 Bb7 13.Rd1 Ngf6 14.Bg5 Qc7 15.Qe2 O-O
16.O-O Nc5 17.e5 Ng4 18.b3 Bxf3 19.Qxf3 cxb3 20.cxb3 Bxe5 21.Qxg4 Bxc3 22.Rc1 Nd3
23.Bf6 Nxc1 24.Rxc1 h5 25.Qf3 Rbc8 26.Bxc3 Rfd8 27.g3 Qc6 28.Qf6 e5 29.Qxe5 Rd1+
30.Rxd1 Qxc3 31.Rd8+  1-0

[Event "Century West Open"]
[Site "Los Angeles USA"]
[Date "2010.01.09"]
[Round "3"]
[White "Sevillano,E"]
[Black "Peters,Ja"]
[Result "1-0"]
[WhiteElo "2506"]
[BlackElo "2381"]

1.e4 d6 2.d4 g6 3.Nc3 Bg7 4.h3 Nd7 5.Nf3 c5 6.Be3 cxd4 7.Bxd4 Ngf6 8.Bc4 O-O
9.O-O b6 10.Re1 Bb7 11.Bd5 Rb8 12.Bxb7 Rxb7 13.Qe2 Nc5 14.Rad1 Ne6 15.e5 dxe5
16.Bxe5 Qc8 17.Qb5 Qc5 18.Qb3 Qc6 19.Nd4 Nxd4 20.Rxd4 Rc8 21.a4 Rd7 22.Qb5 Qe6
23.Re3 Rxd4 24.Bxd4 Qc4 25.Rd3 Qxb5 26.Nxb5 a6 27.Na3 Rd8 28.b3 Rb8 29.Be5 Rc8
30.Nc4 Ne8 31.Bf4 f6 32.Rd2 b5 33.Nb6 Rc6 34.a5 e5 35.Be3 Bf8 36.Rd8 Nd6
37.Nd7 Rc8 38.Rxc8 Nxc8 39.Nb8 Bb4 40.Bb6 Kf7 41.Nxa6 Bd6 42.c4 bxc4 43.bxc4 e4
44.c5 Be5 45.Nb4 Ke6 46.a6 Bb8 47.Nc6  1-0

[Event "Century West Open"]
[Site "Los Angeles USA"]
[Date "2010.01.10"]
[Round "5"]
[White "Bryant,J"]
[Black "Hermansen,R"]
[Result "1/2-1/2"]
[WhiteElo "2366"]
[BlackElo "2209"]

1.e4 d6 2.d4 g6 3.Nc3 Bg7 4.g3 Nc6 5.Be3 e5 6.d5 Nce7 7.f4 f5 8.fxe5 Bxe5
9.Nf3 fxe4 10.Nxe5 dxe5 11.Bd4 Bg4 12.Qxg4 exd4 13.Nxe4 Qxd5 14.Bg2 Qf5 15.Qh4 Qa5+
16.b4 Qxb4+ 17.c3 Qb6 18.O-O Nf5 19.Qf4 dxc3+ 20.Kh1 Nge7 21.Rab1 Qd4 22.g4 Nd5
23.Qg5 Nfe3 24.Nxc3 Qxc3 25.Bxd5 Nxf1 26.Rxf1 Rf8 27.Rd1 c6 28.Rc1 Qf6 29.Re1+ Kd8
30.Qd2 cxd5 31.Qa5+ Kd7 32.Qxd5+ Qd6 33.Qxb7+ Qc7 34.Re7+ Kxe7 35.Qxc7+ Kf6
36.Qxh7 Rf7 37.Qh3 Kg7 38.Qc3+ Kh7 39.Kg2 Raf8 40.Kg3 Rf2 41.Qe3 R2f7 42.Kh4 Rc7
43.Kg5 Rb8 44.a4 Rb6 45.Qe8 Rc5+ 46.Kf4 Rc7 47.Ke5 Rb1 48.Kd6 Rcb7 49.a5 Rh1
50.Qe4 Rd1+ 51.Kc6 Rdd7 52.Qe5 Re7 53.Qd6 Rf7 54.h4 Rbe7 55.g5 Kg7 56.Kb5 Rf5+
57.Kc4 Rff7 58.Kc3 Rb7  1/2-1/2

[Event "XXXV Open"]
[Site "Seville ESP"]
[Date "2010.01.10"]
[Round "3"]
[White "Carretero Ortiz,F"]
[Black "Hickl,J"]
[Result "0-1"]
[WhiteElo "2243"]
[BlackElo "2572"]

1.e4 g6 2.d4 d6 3.Nc3 Bg7 4.f4 a6 5.Nf3 b5 6.Bd3 Nd7 7.a4 b4 8.Ne2 e6 9.c4 Ne7
10.O-O O-O 11.Qc2 Rb8 12.Be3 c5 13.d5 exd5 14.exd5 Nf6 15.Rae1 Nf5 16.Bc1 Ng4
17.Ng3 Bd4+ 18.Nxd4 Nxd4 19.Qb1 Qh4 20.h3 Qxg3 21.hxg4 Bxg4 22.Re3 Qh4 23.f5 Rbe8
24.Rf4 Rxe3 25.Bxe3 Qg3 26.Re4 Bf3  0-1

[Event "XXXV Open"]
[Site "Seville ESP"]
[Date "2010.01.11"]
[Round "4"]
[White "Barria Zuniga,D"]
[Black "Guidi,Mau"]
[Result "1/2-1/2"]
[WhiteElo "2430"]
[BlackElo "2042"]

1.d4 g6 2.e4 Bg7 3.Nc3 d6 4.Be3 Nd7 5.g4 e5 6.h4 h5 7.g5 Ne7 8.Qd2 O-O 9.O-O-O a6
10.f4 exf4 11.Bxf4 b5 12.Nf3 Bb7 13.Qe3 Re8 14.Qd3 Nb6 15.Bg2 b4 16.Ne2 a5
17.Ng3 Ba6 18.Qd2 Nc4 19.Qf2 Qd7 20.Kb1 a4 21.Nd2 Rab8 22.Nxc4 Bxc4 23.Bf1 Bxf1
24.Rhxf1 Nc6 25.Be3 b3 26.cxb3 axb3 27.a3 d5 28.e5 Na5 29.Bc1 Nc4 30.Rd3  1/2-1/2

[Event "69th ch-GEO"]
[Site "Tbilisi GEO"]
[Date "2010.01.11"]
[Round "1"]
[White "Jobava,Be"]
[Black "Shanava,K"]
[Result "1-0"]
[WhiteElo "2444"]
[BlackElo "2551"]

1.d4 g6 2.e4 Bg7 3.Nc3 d6 4.f4 c6 5.Nf3 Bg4 6.Be3 Nd7 7.Qd2 Ngf6 8.Be2 O-O
9.h3 Bxf3 10.Bxf3 b5 11.g4 Nb6 12.b3 e5 13.g5 exf4 14.Bxf4 Ne8 15.h4 Nc7
16.O-O-O Ne6 17.Be3 c5 18.Ne2 Nd7 19.e5 Rc8 20.exd6 cxd4 21.Nxd4 Nxd4 22.Bxd4 Ne5
23.Bxe5 Bxe5 24.Kb1 Bc3 25.Qc1 Qa5 26.d7 Rc5 27.Rd3 b4 28.a4 bxa3 29.Ka2 Rd8
30.Rhd1 Qc7 31.Qe3 Kf8 32.Rd5 Rxd5 33.Rxd5 Bb2 34.Qd2 Kg7 35.h5 gxh5 36.Bxh5 Qg3
37.Qa5 Qg1 38.Bd1 Qe3 39.Qxd8 Qc1 40.b4 Bc3 41.Kb3 Qb2+ 42.Kc4 Qxb4+ 43.Kd3 a2
44.Qf6+ Bxf6 45.gxf6+ Kh6 46.d8=Q Qa3+ 47.c3 a1=Q 48.Rh5+ Kg6 49.Qg8+ Kxf6
50.Qg5+ Ke6 51.Qd5+ Ke7 52.Re5+  1-0

[Event "ch-AUS"]
[Site "Sydney AUS"]
[Date "2010.01.12"]
[Round "10"]
[White "Xie,G"]
[Black "Illingworth,M"]
[Result "1-0"]
[WhiteElo "2448"]
[BlackElo "2248"]

1.d4 g6 2.e4 Bg7 3.Nc3 d6 4.f4 a6 5.Nf3 b5 6.Bd3 Nd7 7.O-O c5 8.d5 c4 9.Be2 Qb6+
10.Kh1 Ngf6 11.e5 Ng4 12.e6 fxe6 13.dxe6 Ndf6 14.Nd4 Bb7 15.f5 O-O-O 16.a4 h5
17.axb5 Ne4 18.Nxe4 Qxd4 19.f6 Bxf6 20.Nxf6 Nf2+ 21.Rxf2 Qxf2 22.Qf1 Qxf1+
23.Bxf1 exf6 24.Bxc4 Rhe8 25.bxa6 Bc6 26.Be3 d5 27.Bd3 Rxe6 28.Bd4 f5 29.Kg1 Kb8
30.b4 Be8 31.b5 Kc7 32.Ra3 Re1+ 33.Kf2 Rb1 34.Rc3+ Kd6 35.Bb6 d4 36.Bc7+ Kd7
37.Rc5 Rc8 38.b6 Bf7 39.Bb5+ Rxb5 40.Rxb5 Re8 41.Rb4 Kc6 42.b7 Kxc7 43.a7  1-0

[Event "ch-POL"]
[Site "Warsaw POL"]
[Date "2010.01.12"]
[Round "4"]
[White "Olszewski,Mi"]
[Black "Mista,A"]
[Result "1-0"]
[WhiteElo "2562"]
[BlackElo "2563"]

1.e4 g6 2.d4 Bg7 3.Nc3 d6 4.Be3 c6 5.Qd2 b5 6.Nf3 Qc7 7.Bd3 Nd7 8.O-O Ngf6
9.Bh6 O-O 10.Bxg7 Kxg7 11.Ne2 c5 12.c3 e5 13.Ng3 Rb8 14.Qg5 Ng8 15.Nf5+ Kh8
16.Ne3 f6 17.Qg3 Ne7 18.Rad1 c4 19.Bc2 Rg8 20.Rd2 Nf8 21.Rfd1 Rb6 22.a4 bxa4
23.Bxa4 Ne6 24.dxe5 dxe5 25.Bd7 Nf4 26.Bxc8 Qxc8 27.Qg4 Re6 28.Ne1 h5 29.Qf3 Qc5
30.Kf1 Rb8 31.g3 Nd3 32.b4 Nxe1 33.Kxe1 Qc6 34.Nd5 Kg7 35.Nxe7 Rxe7 36.Rd6 Qe8
37.Qxf6+ Kh7 38.Qxe7+ Qxe7 39.Rd7 Rb7 40.Rxe7+ Rxe7 41.Rd5  1-0